00491nam a22001457a 450000500170000001000150001702000270003203500140005903700130007308200150008624501270010126000510022827000400027930000260031920181217154608.0 aENG-120148 c1175.00a9789381039625 aEN-102680 bDBAD/PUB a677.18 THE aThe complete book on jute and coir products :cby NPCS Board of Consultants & Engineersbwith cultivation and processing / aDelhibNIIR Project Consultancy Servicesc2016 bDelhie110007a106 - A, Kamla Nagar a310p.c21cm(pbk)bill